Vista normal Vista MARC

Entrada Personal Name

Número de registros utilizados en: 2

001 - CONTROL NUMBER

  • control field: 3699

003 - CONTROL NUMBER IDENTIFIER

  • control field: OSt

005 - DATE AND TIME OF LATEST TRANSACTION

  • control field: 20200429162827.0

008 - FIXED-LENGTH DATA ELEMENTS

  • fixed length control field: 200429|| aca||aabn | a|a d

040 ## - CATALOGING SOURCE

  • Original cataloging agency: OSt
  • Transcribing agency: OSt

100 ## - HEADING--PERSONAL NAME

  • Personal name: Ferrerira, Francisco H.G.,

670 ## - SOURCE DATA FOUND

  • Source citation: Work cat.: (OSt)5018: Ferranti, David de, autor 3694, Inequality in Latin America and the Caribbean : , 2003